Další stress testy jsou za námi, výsledky jsou poměrně pozitivní

Testovanie 51 európskych bánk, ktoré uskutočnila European Banking Authority (EBA). Výsledky stresového testovania ukázali, že súčasná úroveň kapitálu bánk je dostatočná i pre prípad, že by banky museli odolávať horšiemu ekonomickému vývoju ako sa očakáva.

Salvato in:
Dettagli Bibliografici
Autore principale: Zamrazilová, Eva
Natura: Capitolo di libro
Lingua:ceco
Soggetti:
Tags: Aggiungi Tag
Nessun Tag, puoi essere il primo ad aggiungerne!!

MARC

LEADER 00000naa a2200000 4500
001 0221712
005 20221104110401.0
041 0 |a cze 
044 |a CZ 
245 1 0 |a Další stress testy jsou za námi, výsledky jsou poměrně pozitivní  |c Eva Zamrazilová 
520 |a Testovanie 51 európskych bánk, ktoré uskutočnila European Banking Authority (EBA). Výsledky stresového testovania ukázali, že súčasná úroveň kapitálu bánk je dostatočná i pre prípad, že by banky museli odolávať horšiemu ekonomickému vývoju ako sa očakáva. 
610 2 0 |a Európa 
610 2 0 |a banky 
610 2 0 |a bankovníctvo 
610 2 0 |a testovanie stresové 
610 2 0 |a riziko bankové 
610 2 0 |a primeranosť kapitálová 
610 2 0 |a regulácia 
610 2 0 |a banky centrálne 
100 1 |a Zamrazilová, Eva